00695nam a22002057a 4500999001900000005001700019010001500036020002600051035001400077037001300091082001000104100002000114245004700134260003900181270006500220300002000285500004000305942002400345952012000369 c164998d16499820190531162956.0 aENG-125441 a9788183796064c500.00 aEN-108973 bDBAD/PUB a230.1 aAiyar, V. V. S. aKamba ramayanam:cby V. V. Aiyarba study/ aChennaibPalaniappa Brothersc2013 aKonar Maligai, 25, Peters Road, Royapettah,bChennaie600014 a521p.c22cm(Hb) ainclude bibliographical references. 2ddccENmAIYh230.1 001040708NFICaAGbAGd2019-05-31eDBAD/PUBg500.00l0o230.1 AIYpEN-108973r2019-05-31 00:00:00t1v500.00yEN